Russkaja reč kniga dlja čtenija v 5 klasse načaľnoj školy

Podrobná bibliografia
Médium: Kniha
Jazyk:ruština
Fyzický popis:200, [4] s. 8°
Vydavateľské údaje: Bratislava Gosizdat 1952
Vydanie:2. izd.
Predmet:

MARC

LEADER 00000nam a2200000 a 4500
001 vtls008394906
003 SK-MaSNL
005 20260302004134.0
008 181109s1952 xo rus
015 |a SKSNBA19451955-010416 
035 |a SK01SNKBKSFS20010087123 
035 |a SKM000089586 
040 |a SNK  |b slo  |c SNK  |e AACR2 
041 0 |a rus 
044 |a xo  |c SK 
080 |a 372(075)  |2 1981 
080 |a 808.2(075)  |2 1981 
245 1 0 |a Russkaja reč  |b kniga dlja čtenija v 5 klasse načaľnoj školy  |c sost. komissija po sostavleniju učebnikov pri Naučno-issledovateľskom Pedagogičeskom Institute v Bratislave 
250 |a 2. izd. 
260 |a Bratislava  |b Gosizdat  |c 1952  |e Prešov  |f Pravda 
300 |a 200, [4] s.  |c 8° 
500 |a Ilustrované 
500 |a 2 frontispice 
563 |a 1.500 výtlač. 
650 0 7 |a ruština  |2 SNK  |9 1346 
655 7 |a učebnice  |2 SNKPH  |9 22521 
852 |a Slovenská národná knižnica v Martine  |b 10000  |h MS SD 7929 
958 |a OND 
958 |a RK 
958 |a TL 
999 |c 994764  |d 996694 
952 |a SNK  |b SNK  |y VYP  |7 0  |p 17A0886957  |o snkSD 7929 D1  |i snkF 3516/64  |8 5  |0 0  |1 0  |4 0  |d 2012-03-20  |l 0  |r 2026-02-24 12:00:40  |w 2026-02-24 
952 |a SNK  |b SNK  |y VYP  |7 0  |p 17A0886956  |o snkSD 7929 D2  |i snkF 5237/64  |8 5  |0 0  |1 0  |4 0  |d 2012-03-20  |l 0  |r 2026-02-24 12:00:40  |w 2026-02-24